000 01101cab a2200277 4500
001 WB3113-37
008 090401t1995 xxu||||| |||| 00| 0 eng d
035 _a(Sirsi) u41167
041 _aeng
245 _aProcedural unfairness
260 _c1995
350 _a0
490 _aEstates Gazette Case Summaries
_v(1995) EGCS 48 (25/3/95)
520 _a"R v Hereford and Worcester CC, ex parte Wellington Parish Council and others" QBD 15 March 1995. Whether it was procedurally unfair for 3 councillors, who sat on the county council`s gypsy group that agreed to a proposal for a gypsy site, to participate in the decision of the planning subcommittee, which decided to grant planning permission.
650 _aCARAVAN SITES ACT 1968 S6
650 _aDEVELOPMENT CONTROL
650 _aGYPSIES
650 _aGYPSY SITES
650 _aNATURAL JUSTICE
650 _aPLANNING PERMISSION
650 _aPROCEDURAL UNFAIRNESS
650 _aR V HEREFORD AND WORCESTER CC EX P WELLINGTON PARISH COUNCIL
690 _aPLANNING LAW AND PRACTICE-CASE LAW
942 _n0
948 _c04/03/1997
999 _c26443
_d26443